00621nam a2200169 i 450000100060000000300090000600500170001500700030003200800410003510000350007624501230011126000390023430000620027350500700033570000220040585200240042725613ES-MaACL20251005063033.0t|021227s1836 fr ||||1| ita d1 aAriosto, Lodovico, d1474-153312aL'Orlando furioso e le satire / cdi Lodovico Ariosto ; con note di diversi per diligenza e studio di Antonio Buttura. aParigi : bpresso Lefevre, c1836. a4 vol. (XXVI, 474 p.) (488 p.) (475 p.) (496 p ; c21 cm.8 aContiene: La vita di Ludovico Ariosto, scritta dal Dottor Barotti1 aButtura, Antonio. aES-MaACLjG-7841-44